000
00313nam a22001337a 4500
008
180201b xxu||||| |||| 00| 0 eng d
020
_a
9780205824342
041
_a
eng
080
_2
5th
_a
37
100
_a
47
101
_a
EDU
245
_a
Mosaics reading and writing paragraphs
_c
Flachmann,K
942
_2
udc
_c
BK
999
_c
41527
_d
41527